Kliknij zakończenie tytułu filmu #4 - Statystyki

Ogólne statystyki
  • Ten quiz został rozwiązany 79 razy
  • Średni wynik to 18 z 23
Statystyki odpowiedzi
Hint Odpowiedź % Poprawnych
Mamma Mia!
96%
Wonder Woman
96%
Najpierw strzelaj potem zwiedzaj
94%
Dirty Dancing
93%
Tajna Broń
91%
Przed wschodem słońca
91%
Martwa Cisza
90%
Uciekające kurczaki
90%
Południowy Pacyfik
90%
Cast Away
86%
Happy Feet
80%
Ulubieńcy Ameryki
79%
Prawdziwe Męstwo
79%
Green Book
77%
Droga do szczęścia
76%
Pani Doubtfire
74%
Zmęczenie Materiału
71%
Miss Agent
67%
Bulwar Zachodzącego Słońca
64%
U progu sławy
63%
Wrogowie Publiczni
61%
Napoleon Wybuchowiec
59%
Ulice nędzy
43%
Nie znaleziono quizów pasujących do podanych kryteriów
Rozkład punktacji
Procent ludzi z każdym wynikiem
Percentyl według liczby udzielonych odpowiedzi
Twoja historia wyników
Nie rozwiązałeś tego quizu